Languages: Vegetables from French to English - Statistics

General Stats
  • This quiz has been taken 293 times
  • The average score is 9 of 14
Answer Stats
In French And in English % Correct
orange orange
98%
concombre cucumber
96%
oignon onion
96%
carotte carrot
94%
citron lemon
93%
pomme de terre potato
92%
ananas pineapple
89%
petit pois pea
74%
ail garlic
61%
laitue lettuce
59%
chou cabbage
49%
betterave beetroot
32%
courge pumpkin
10%
orge oats
1%
No matching quizzes found
Score Distribution
Percent of People with Each Score
Percentile by Number Answered
Your Score History
You have not taken this quiz